000 00606nam a2200193 4500
999 _c165094
_d165094
005 20190607122137.0
010 _aENG-125500
020 _a9789388398855
_c250.00
035 _aEN-109032
037 _bDBAD/PUB
082 _a823.08
100 _aRathika, B.
245 _aIndian icons /
_cby B. Rathika
260 _aTamil Nadu
_bShanlax Publications
_c2019
270 _a61,66 T.P.K. Main Road
_bVasantha Nagar, Madurai
_e625003
_mpublisher@shanlaxpublications.com
300 _a112p.
_c22cm(pbk)
500 _aIncludes bibliographical references
942 _2ddc
_cEN
_h823.08
_mRAT